Activitats /
MARC
| LEADER | 00000nas a2200000 a 4500 | ||
|---|---|---|---|
| 001 | 25380 | ||
| 003 | Arxiu | ||
| 005 | 20260324180558.0 | ||
| 008 | 160829s9999 xx 000 0 cat d | ||
| 017 | |a B 2158-2004 | ||
| 080 | |a Revistes | ||
| 110 | 2 | |a Cercle d'Amics dels Parcs Naturals (Barcelona, Catalunya) |9 54519 | |
| 245 | |a Activitats / |c Cercle d'Amics dels Parcs Naturals | ||
| 260 | |a Barcelona : |b Diputació de Barcelona : |b Xarxa de Parcs Naturals, |c [2003?]- | ||
| 300 | |a 1 vol. ; |c 21 cm ; |b Periodicitat: 3 cops l'any | ||
| 310 | |a 3 cops l'any | ||
| 500 | |a Es desconeix el primer número de la publicació | ||
| 500 | |a Els números del 2003 són fotocòpies | ||
| 563 | |a 1 volum enquadernat | ||
| 650 | |a Barcelona. Diputació. Xarxa de Parcs Naturals |x Revistes |9 49180 | ||
| 710 | 1 | |a Barcelona (Catalunya : Província). |b Xarxa de Parcs Naturals |9 7250 | |
| 856 | |u M:\BibliotecaDigitalitzada\Revistes\Activitats Parcs Naturals | ||
| 866 | |a 2003 (març-setembre) - (octubre-desembre) | ||
| 866 | |a 2004 (gener-març) - (octubre-desembre) | ||
| 866 | |a 2005 (gener-març) - (octubre-desembre) | ||
| 866 | |a 2006 (gener-març) - (octubre-desembre) | ||
| 866 | |a 2007 (gener-març) - Núm. 13 (octubre-desembre 2007) | ||
| 866 | |a Núm. 14 (gener-març 2008) - Núm. 16 (octubre-desembre 2008) | ||
| 866 | |a Núm. 17 (gener-març 2009) - Núm. 19 (octubre-desembre 2009) | ||
| 866 | |a Núm. 20 (gener-març 2010) - Núm. 22 (octubre-desembre 2010) | ||
| 866 | |a Núm. 23 (gener-març 2011) - Núm. 25 (octubre-desembre 2011) | ||
| 866 | |a Núm. 26 (gener-març 2012) | ||
| 901 | |a Arxiu | ||
| 942 | |n 1 |2 udc |c REV | ||
| 952 | |0 0 |1 0 |4 0 |6 REV1 |7 1 |9 55143 |a Arxiu |b Arxiu |d 2016-12-01 |h 2003 (març-desembre); 2004 - 2011; 2012 (gener-març) |o Rev-1 |p 25380 |r 2016-12-01 00:00:00 |w 2016-12-01 |y ARXIU | ||
| 999 | |c 59015 |d 59015 | ||
| 655 | |a Revistes |9 55823 | ||